000 00498nam a2200181 a 4500
001 0817
005 20140414131942.0
008 040930s19uu xx 00 eng d
020 _a0-15-312355-9
050 _aTR 307
_bGa14
245 _aGame time! (Communities).
260 _aOrlando, Florida :
_bHarcourt Brace,
_c[n.d.]
300 _a17 p. ; cm.
440 _aHarcourt brace social studies
650 _aSocial studies
_xActivities.
650 _aCommunities
_xActivities.
999 _c112616
_d112616